Apuntes de histología veterinaria : aparato reproductor de la gallina /

Guardado en:
Autor Principal: Claver, Juan A.
Otros Autores: Von Lawzewitzch, Irene
Formato: Libro
Publicado: Buenos Aires : Hemisferio Sur, 1982
Materias:
Etiquetas: Agregar Etiqueta
Sin Etiquetas, Sea el primero en etiquetar este registro!
LEADER 00819nam a22002295a 4500
001 CEM.cems017248
005 20091104145834.0
008 130507s1982##################000#0#####d
003 CEMS
020 |a 9500040921 
082 0 4 |a 636.5 
100 1 |a Claver, Juan A. 
245 1 0 |a Apuntes de histología veterinaria :  |b aparato reproductor de la gallina /  |c Juan A. Claver E Irene Von Lawzewitzch 
260 |a Buenos Aires :  |b Hemisferio Sur,  |c 1982 
300 |a 61 p. 
505 0 |a Organos genitales de la gallina -- Ovario -- Oviducto -- Fisiología del aparato genital 
653 |a Aves 
653 |a Gallinas 
653 |a Histología veterinaria 
700 1 |a Von Lawzewitzch, Irene 
859 |a CEMS  |b BIB. CEMS - Agricultura  |h 636.5  |i C577  |p A0995.09  |t Ej.1 
859 |a CEMS  |b BIB. CEMS - Agricultura  |h 636.5  |i C577  |p A0996.09  |t Ej.2